• 首页
  • 本馆介绍
  • 公告通知
  • 最新文献
  • 馆藏检索
  • 电子资源
  • 读者导购
  • 参考咨询
  • 我的图书馆
  • 登录
  • 详细信息显示
  • 放入我的书架
  • 预约/预借图书
  • 作者相关作品
  • 分类相关作品
  • 丛书相关作品
  • 出版社相关作品

书目信息

  • 表格格式
  • 工作单格式
  • 卡片格式
题名:
老子
    
 
作者: 老聃 著 ;梁海明 译著
分册:  
出版信息: 太原   山西古籍出版社  1999.09
页数:
开本:
丛书名: 中华传世名著精华丛书
单 册:
中图分类: B223.5 , B223.1
科图分类:
主题词: 先秦哲学
电子资源:
ISBN: 7-80598-315-1
000 00666nam0 2200217 450
001 2634153158
005 20260414093139.95
010    @a7-80598-315-1@dCNY6.80
100    @a20061020d1999 km y0chiy0120 ea
101 0  @achi
200 1  @a老子@ALao Zi@f老聃著@FLao Dan Zhu@g梁海明译著@GLiang Hai Ming Yi Zhu
210    @a太原@c山西古籍出版社@d1999.09
225 2  @a中华传世名著精华丛书@f李捷主编
410  0 @12001 @a中华传世名著精华丛书@1701 0@a李捷@Ali jie@4主编
606 0  @a先秦哲学
690    @aB223.5@v3
690    @aB223.1@v4
701  0 @a老聃@ALao Dan@4著
702  0 @a梁海明@ALiang Hai Ming@4译著
801  0 @aCN@bPFT@c20061020
905    @a10447@dB223.1@e1174
    
    老子/老聃著/梁海明译著.-太原:山西古籍出版社,1999.09
    (中华传世名著精华丛书/李捷主编)
    
    
    ISBN 7-80598-315-1:CNY6.80
    
●
相关链接 在E读中查询图书 在五车中查询图书 在当当中查询图书 在豆瓣中查询图书


正题名:老子     索取号:B223.1/1174         预约/预借

序号 登录号 条形码 馆藏地/架位号 状态 备注
1 1442622   214426227   第一样本阅览室/ [索取号:B223.1/1174] 在馆    
唐山师范学院图书馆 欢迎您!
大连网信软件有限公司© 版权所有